00241 a2200097 450000100060000008200150000610000140002124500570003526000420009230000090013471661 a515.15 YUS aS.M Yusuf aCalculus with Analytic Geometry 7th EditionhEnglish aLahoreb2004cIlmi Kitab Khana Lahore a529p